Science crossword and other puzzles : (Record no. 3460)
[ view plain ]
| 000 -LEADER | |
|---|---|
| fixed length control field | 00695nam a22002537a 4500 |
| 003 - CONTROL NUMBER IDENTIFIER | |
| control field | OSt |
| 005 - DATE AND TIME OF LATEST TRANSACTION | |
| control field | 20140310181756.0 |
| 008 - FIXED-LENGTH DATA ELEMENTS--GENERAL INFORMATION | |
| fixed length control field | 130701t xxu||||| |||| 00| 0 eng d |
| 020 ## - INTERNATIONAL STANDARD BOOK NUMBER | |
| International Standard Book Number | 01195859 |
| 050 ## - LIBRARY OF CONGRESS CALL NUMBER | |
| Classification number | GV 1507 |
| Item number | .Sc416 1999 vol.5 |
| 082 ## - DEWEY DECIMAL CLASSIFICATION NUMBER | |
| Classification number | FIL 793.73 |
| Item number | Sc1 1999 |
| 245 ## - TITLE STATEMENT | |
| Title | Science crossword and other puzzles : |
| Remainder of title | enhancement exercises for high school Science / |
| 260 ## - PUBLICATION, DISTRIBUTION, ETC. (IMPRINT) | |
| Place of publication, distribution, etc | Makati City |
| Name of publisher, distributor, etc | Belgosa media system, Inc, |
| Date of publication, distribution, etc | 1999. |
| 300 ## - PHYSICAL DESCRIPTION | |
| Extent | 48p. : |
| Other physical details | ill. ; |
| Dimensions | 22cm |
| 650 ## - SUBJECT ADDED ENTRY--TOPICAL TERM | |
| Topical term or geographic name as entry element | Crosswords |
| General subdivision | Science |
| 650 ## - SUBJECT ADDED ENTRY--TOPICAL TERM | |
| Topical term or geographic name as entry element | Puzzles |
| General subdivision | Science |
| 830 ## - SERIES ADDED ENTRY--UNIFORM TITLE | |
| Uniform title | Physics |
| 830 ## - SERIES ADDED ENTRY--UNIFORM TITLE | |
| Uniform title | Chemistry |
| 830 ## - SERIES ADDED ENTRY--UNIFORM TITLE | |
| Uniform title | Biology |
| 942 ## - ADDED ENTRY ELEMENTS (KOHA) | |
| Source of classification or shelving scheme | Library of Congress Classification |
| Koha item type | Books |
| Withdrawn status | Lost status | Source of classification or shelving scheme | Damaged status | Home library | Current library | Shelving location | Date acquired | Total Checkouts | Full call number | Barcode | Date last seen | Copy number | Price effective from | Koha item type |
|---|---|---|---|---|---|---|---|---|---|---|---|---|---|---|
| Library of Congress Classification | Luxembourg Library | Luxembourg Library | Filipiniana Section | 07/01/2013 | GV 1507 .Sc416Ch 1999 vol.5 | 6075 | 08/13/2013 | 1 | 07/01/2013 | Books | ||||
| Library of Congress Classification | Luxembourg Library | Luxembourg Library | Filipiniana Section | 07/01/2013 | GV 1507 .Sc416Ph 1999 vol.5 | 9933 | 08/13/2013 | 2 | 10/03/2013 | Books | ||||
| Library of Congress Classification | Luxembourg Library | Luxembourg Library | Filipiniana Section | 07/01/2013 | GV 1507 .Sc416Bi 1999 vol.5 | 6073 | 09/03/2014 | 3 | 10/03/2013 | Books |